La Ingeniería / (Registro nro. 960)
[ vista simple ]
| 000 -LEADER | |
|---|---|
| fixed length control field | 01058nam a2200301Ia 4500 |
| 003 - CONTROL NUMBER IDENTIFIER | |
| control field | PE SENCICO BE |
| 005 - DATE AND TIME OF LATEST TRANSACTION | |
| control field | 20260220210129.0 |
| 008 - FIXED-LENGTH DATA ELEMENTS--GENERAL INFORMATION | |
| fixed length control field | 200515s9999 xx 000 0 und d |
| 020 ## - INTERNATIONAL STANDARD BOOK NUMBER | |
| International Standard Book Number | 9972-76-05-6 |
| 040 ## - CATALOGING SOURCE | |
| Original cataloging agency | PE SENCICO BE |
| Transcribing agency | PE SENCICO BE |
| 041 ## - LANGUAGE CODE | |
| Language code of text/sound track or separate title | spa |
| 082 ## - DEWEY DECIMAL CLASSIFICATION NUMBER | |
| Classification number | 620 |
| Item number | G21 |
| 100 1# - MAIN ENTRY--PERSONAL NAME | |
| Personal name | Gallegos, Héctor |
| 9 (RLIN) | 194 |
| Relator term | autor |
| 245 10 - TITLE STATEMENT | |
| Title | La Ingeniería / |
| Statement of responsibility, etc. | Héctor Gallegos |
| 250 ## - EDITION STATEMENT | |
| Edition statement | [1a ed.] |
| 260 ## - PUBLICATION, DISTRIBUTION, ETC. | |
| Place of publication, distribution, etc. | Lima : |
| Name of publisher, distributor, etc. | UPC ; |
| Date of publication, distribution, etc. | 1999 |
| 300 ## - PHYSICAL DESCRIPTION | |
| Extent | 482 páginas : |
| Other physical details | ilustraciones ; |
| Dimensions | 20 cm. |
| 504 ## - BIBLIOGRAPHY, ETC. NOTE | |
| Bibliography, etc. note | Bibliografía a final de cada capítulo |
| 520 3# - SUMMARY, ETC. | |
| Summary, etc. | La ingeniería -- El ingeniero -- Historia de la ingeniería en el mundo -- La ingeniería en el Perú -- Ciencia e ingeniería -- El diseño -- El papel de las fallas -- La formación del ingeniero -- Los códigos |
| 650 10 - SUBJECT ADDED ENTRY--TOPICAL TERM | |
| Topical term or geographic name entry element | Ingeniería |
| 9 (RLIN) | 380 |
| 650 20 - SUBJECT ADDED ENTRY--TOPICAL TERM | |
| Topical term or geographic name entry element | Diseño en ingeniería |
| 9 (RLIN) | 381 |
| 650 20 - SUBJECT ADDED ENTRY--TOPICAL TERM | |
| Topical term or geographic name entry element | Educación superior |
| 9 (RLIN) | 382 |
| 650 20 - SUBJECT ADDED ENTRY--TOPICAL TERM | |
| Topical term or geographic name entry element | Historia |
| 9 (RLIN) | 383 |
| 650 20 - SUBJECT ADDED ENTRY--TOPICAL TERM | |
| Topical term or geographic name entry element | Ingenieros |
| 9 (RLIN) | 384 |
| 650 20 - SUBJECT ADDED ENTRY--TOPICAL TERM | |
| Topical term or geographic name entry element | Fallas (Geología) |
| 9 (RLIN) | 386 |
| 651 #0 - SUBJECT ADDED ENTRY--GEOGRAPHIC NAME | |
| Geographic name | Perú |
| 9 (RLIN) | 385 |
| 942 ## - ADDED ENTRY ELEMENTS (KOHA) | |
| Koha item type | Libros |
| Source of classification or shelving scheme | Dewey Decimal Classification |
| Fecha de la última vez que lo usaron | Número de ingreso o de inventario | Pago total | Signatura topográfica completa | Código de barras | Tipo de documento | Estado perdido | Sistema de clasificación | Estado dañado | No es para préstamo | Retirado | Ubicación permanente | Ubicación actual | Precio efectivo desde | Fecha de adquisición |
|---|---|---|---|---|---|---|---|---|---|---|---|---|---|---|
| 15/05/2020 | 13815 | 620/G21 | BibLima26012626 | Libros | Dewey Decimal Classification | Biblioteca Central Lima | Biblioteca Central Lima | |||||||
| 12/01/2026 | 620/G21 | BibZtruj26012627 | Libros | Dewey Decimal Classification | Biblioteca Trujillo | Biblioteca Trujillo | 12/01/2026 | 12/01/2026 |